000 00952nam a22002537a 4500
005 20170123162314.0
010 _aB-429384
020 _c140.00
_a8171211046
035 _aB-429384
037 _bCen Lib/Ret
040 _aDPL
_bUR
082 _a841
_bب س م
245 _aچمنستان بسمل :
_cمرتبہ محمّد اقبال
_bسید شاہ محمّد حسن بسمل عزیمبادی /
246 _aChamanistaan-e-Bismil : Sayed Shah Mohammad Hasan Bismil Azimabadi /
_bedited by Mohammad Iqbal
260 _aدہلی
_bکتابی دنیا
_c2010
270 _bدہلی
_e110006
_a١٩٥٥، گلی، نواب مرزا ترکمان گیٹ
300 _a127p.
_c19cm(Hb)
650 _a ادب - اردو
_9113299
650 _a اردو نظمیں
_9462
650 _aLiterature -- Urdu
_9113300
650 _aUrdu poems
_9113301
700 _aمحمّد اقبال
_9433
942 _2ddc
_cUR
_h841
_mب س م
999 _c106565
_d106565